Process/industrial instruments and control handbook
| Other Authors: | |
|---|---|
| Format: | Book |
| Published: |
New York :
McGraw-Hill ,
1993
|
| Edition: | 4th ed |
| Subjects: |
MARC
| LEADER | 00000cam a2200000 7i4500 | ||
|---|---|---|---|
| 001 | 0000002334 | ||
| 002 | 000002541 | ||
| 005 | 20080122.0 | ||
| 020 | |a 007113252X | ||
| 090 | 0 | 0 | |a 629.8 |b PRO |
| 245 | 0 | 0 | |a Process/industrial instruments and control handbook |c Douglas M.Considine |
| 250 | |a 4th ed | ||
| 260 | |a New York : |b McGraw-Hill , |c 1993 | ||
| 300 | |a 9139p. ; |c 24cm. | ||
| 650 | 0 | 0 | |a Process control |x Handbooks manuals etc. |
| 700 | 1 | |a Considine, Douglas M | |
| 999 | |a 035860 |b BUKU |c RUJUKAN |e PERPUSTAKAAN KOMUNITI PETALING JAYA | ||